MARC details
| 000 -CABECERA |
| campo de control de longitud fija |
02691cam a22003614a 4500 |
| 001 - NÚMERO DE CONTROL |
| campo de control |
3808286 |
| 003 - IDENTIFICADOR DEL NÚMERO DE CONTROL |
| campo de control |
CaAEU |
| 005 - FECHA Y HORA DE LA ÚLTIMA TRANSACCIÓN |
| campo de control |
20260309091429.0 |
| 008 - DATOS DE LONGITUD FIJA--INFORMACIÓN GENERAL |
| campo de control de longitud fija |
060302s2006 nyua b 001 0 eng |
| 010 ## - NÚMERO DE CONTROL DE LA BIBLIOTECA DEL CONGRESO |
| Número de control de LC |
2006007358 |
| 015 ## - NÚMERO DE BIBLIOGRAFÍA NACIONAL |
| Número de bibliografía nacional |
GBA663442 |
| Fuente |
bnb |
| 016 7# - NÚMERO DE CONTROL DE UNA AGENCIA BIBLIOGRÁFICA NACIONAL |
| Número de control del registro |
013512885 |
| Fuente |
Uk |
| 020 ## - NÚMERO INTERNACIONAL ESTÁNDAR DEL LIBRO |
| Número Internacional Estándar del Libro |
9780814742952 |
| 020 ## - NÚMERO INTERNACIONAL ESTÁNDAR DEL LIBRO |
| Número Internacional Estándar del Libro |
0814742815 (cloth : alk. paper) |
| 020 ## - NÚMERO INTERNACIONAL ESTÁNDAR DEL LIBRO |
| Número Internacional Estándar del Libro |
9780814742815 |
| 035 ## - NÚMERO DE CONTROL DEL SISTEMA |
| Número de control de sistema |
ocm64594290 |
| 040 ## - FUENTE DE LA CATALOGACIÓN |
| Centro catalogador/agencia de origen |
DLC |
| Lengua de catalogación |
eng |
| Centro/agencia transcriptor |
DLC |
| Centro/agencia modificador |
BAKER |
| -- |
UKM |
| -- |
C#P |
| -- |
IXA |
| -- |
COO |
| -- |
EYE |
| -- |
IG# |
| -- |
YDXCP |
| -- |
OCLCQ |
| -- |
AEU |
| -- |
AEVAC |
| 041 ## - CÓDIGO DE LENGUA |
| Código de lengua del texto/banda sonora o título independiente |
English |
| 042 ## - CÃDIGO DE AUTENTICACIÃN |
| Código de autenticación |
pcc |
| 043 ## - CÓDIGO DE ÁREA GEOGRÁFICA |
| Código de área geográfica |
n-us--- |
| 049 ## - FONDOS LOCALES (OCLC) |
| Fondos de biblioteca |
UABA |
| 050 00 - SIGNATURA TOPOGRÁFICA DE LA BIBLIOTECA DEL CONGRESO |
| Número de clasificación |
P94.65.U6 |
| Número de documento/Ítem |
J46 2006 |
| 100 ## - ENTRADA PRINCIPAL--NOMBRE DE PERSONA |
| Nombre de persona |
Jenkins, Henry, 1958- |
| Fechas asociadas al nombre |
1958- |
| 245 10 - MENCIÓN DE TÍTULO |
| Título |
Convergence culture |
| Resto del título |
: where old and new media collide |
| Mención de responsabilidad, etc. |
/ Henry Jenkins. |
| 260 ## - PUBLICACIÓN, DISTRIBUCIÓN, ETC. |
| Lugar de publicación, distribución, etc. |
New York : |
| Nombre del editor, distribuidor, etc. |
New York University Press, |
| Fecha de publicación, distribución, etc. |
c2006. |
| 300 ## - DESCRIPCIÓN FÍSICA |
| Extensión |
xi, 308 p. : |
| Otras características físicas |
ill. ; |
| Dimensiones |
24 cm. |
| 504 ## - NOTA DE BIBLIOGRAFÍA, ETC. |
| Nota de bibliografía, etc. |
Includes bibliographical references (p. 261-278) and index. |
| 505 0# - NOTA DE CONTENIDO CON FORMATO |
| Nota de contenido con formato |
Introduction: "Worship at the Altar of Convergence": A New Paradigm for Understanding Media Change — Spoiling Survivor: The Anatomy of a Knowledge Community — Buying into American Idol: How We are Being Sold on Reality TV — Searching for the Origami Unicorn: The Matrix and Transmedia Storytelling — Quentin Tarantino's Star Wars?: Grassroots Creativity Meets the Media Industry — Why Heather Can Write: Media Literacy and the Harry Potter Wars — Photoshop for Democracy: The New Relationship Between Politics and Popular Culture — Conclusion Democratizing Television?: The Politics of Participation. |
| 520 ## - SUMARIO, ETC. |
| Sumario, etc. |
Media analyst Jenkins delves beneath the new media hype to uncover the important cultural transformations that are taking place as media converge. He takes us into the secret world of Survivor Spoilers, where avid internet users pool their knowledge to unearth the show's secrets before they are revealed on the air. He shows us how The Matrix has pushed transmedia storytelling to new levels, creating a fictional world where consumers track down bits of the story across multiple media channels. Jenkins argues that struggles over convergence will redefine the face of American popular culture: industry leaders see opportunities to direct content across many channels to increase revenue and broaden markets; at the same time, consumers envision a liberated public sphere, free of network controls. Jenkins explains the cultural shift as consumers fight for control across disparate channels, changing the way we do business, elect our leaders, and educate our children.--From publisher description. |
| 650 #0 - PUNTO DE ACCESO ADICIONAL DE MATERIA--TÉRMINO DE MATERIA |
| Término de materia o nombre geográfico como elemento de entrada |
Mass media and culture |
| 9 (RLIN) |
26738 |
| 650 #0 - PUNTO DE ACCESO ADICIONAL DE MATERIA--TÉRMINO DE MATERIA |
| Término de materia o nombre geográfico como elemento de entrada |
Popular culture |
| 9 (RLIN) |
9678 |
| 942 ## - ELEMENTOS DE ENTRADA AGREGADA (KOHA) |
| Fuente del sistema de clasificación o colocación |
Clasificación de Library of Congress |